Assessment in higher education
Αποθηκεύτηκε σε:
| Κύριος συγγραφέας: | |
|---|---|
| Μορφή: | Βιβλίο |
| Γλώσσα: | English |
| Δημοσίευση: |
Chichester, England ; New York :
Wiley,
c1989
|
| Έκδοση: | 2nd ed. |
| Θέματα: | |
| Ετικέτες: |
Προσθήκη ετικέτας
Δεν υπάρχουν, Καταχωρήστε ετικέτα πρώτοι!
|
MARC
| LEADER | 00000cam a2200000 i 4500 | ||
|---|---|---|---|
| 001 | 1/85392 | ||
| 008 | 981020s1989 eng d | ||
| 020 | |a 0-471-92032-0 | ||
| 035 | |l 10034687 | ||
| 035 | |a 1992 |b 1 |c Πολεμικός | ||
| 040 | |a GR-MY-UA |b gre |e aacr | ||
| 041 | 0 | |a eng | |
| 082 | 0 | |a 378.166 |2 (19) | |
| 100 | 1 | |a Heywood, John |d 1930- | |
| 245 | 1 | 0 | |a Assessment in higher education / |c John Heywood |
| 250 | |a 2nd ed. | ||
| 260 | |a Chichester, England ; New York : |b Wiley, |c c1989 | ||
| 300 | |a xiii, 416 p.; |b ill.; |c 24 cm | ||
| 504 | |a Βιβλιογραφία: σ. 361-393 | ||
| 504 | |a Περιέχει ευρετήρια | ||
| 650 | 0 | 0 | |a Universities and colleges |x Examinations. |
| 650 | 0 | 0 | |a College teaching |x Evaluation. |
| 650 | 0 | 0 | |a Education, Higher |x Evaluation. |
| 650 | 0 | 0 | |a Education, Higher |x Aims and objectives. |
| 852 | |a INST |b RHODES |e 19981020 |h 378.166 HEY |p 005400008046 |q 005400008046 |t BK |y 0 | ||
| 909 | |a Ρ |b 022781 |c 1992 | ||